|
|
|
|
| LEADER |
00703cam a2200193 7i4500 |
| 001 |
0000123403 |
| 005 |
20150618090000.0 |
| 008 |
150618 my eng |
| 020 |
# |
0 |
|a 9789838616027
|
| 090 |
0 |
0 |
|a PL 5101
|b .S2 2013
|
| 245 |
0 |
0 |
|a Sastera dalam budaya dan media
|c editor Halimah Mohamed Ali; Mohamad Luthfi Abdul Rahman.
|
| 260 |
# |
# |
|a Pulau Pinang:
|b Penerbit Universiti Sains Malaysia,
|c 2013.
|
| 300 |
# |
# |
|a xiv, 301 p.;
|c 24 cm..
|
| 504 |
0 |
0 |
|a Mengandungi indeks
|
| 650 |
0 |
0 |
|a Mass media and literature
|
| 650 |
0 |
0 |
|a Malay literature --
|x History and criticism
|
| 700 |
0 |
1 |
|a mohamad Luthfi Abdul Rahman
|
| 700 |
0 |
1 |
|a Halimah Mohamad Ali
|
| 999 |
|
|
|a 1100093609
|b Book
|c Open Shelf
|e KOLEKSI TERBUKA
|